00749nam a2200205 a 450000100100000000500170001000800410002704000250006810000330009324500690012625000160019526000290021130000210024049000380026150000340029950000420033383000450037595201060042099900170052600004025020201002034018.0130820s1970 sp 000 0 spa d aDO-SdBNPbspacBNPHU1 aCalderón, E. Correa96652110aBaltasar Gracián :bsu vida y su obra /cE. Correa Calderón. a2a ed. aum. aMadrid :bGredos,c1970. a424 p. ;c21 cm.1 aBiblioteca Románica Hispánica aIncluye índice onomástico aIncluye notas al pie de las páginas 0aBiblioteca Románica Hispánica946970 0010507-18MOaGRbGRcOId2013-08-20iLF1l0o p40250-10r2020-06-25w2020-06-25y1ZNo se presta c39740d39740